000 00495nam a2200145Ia 4500
008 090124s9999 xx 000 0 und d
082 _b302419
245 _a स्वप्नातल्या राजकुमारा
250 _a1
260 _bमंगेशकर गीता
_c1990
300 _a269
630 _a स्वप्नातल्या राजकुमारा
730 _a स्वप्नातल्या राजकुमारा
942 _cBOOK
999 _c192056
_d192056